000 01037nam a2200265 a 4500
003 CBULib
005 20231213131550.0
008 181002s2014 ||||||||||||||||| || u
040 _aCBULib
_bEnglish
_cCBULib
_erda
041 _aeng
050 _aUNCTAD(02)2014/10
110 _aUnited Nations Conference on Trade and Development (UNCTAD)
245 1 0 _aMaritime piracy : part II : an overview of the international legal framework and of multilateral cooperation to combat piracy
_c/ by United Nations Conference on Trade and Development (UNCTAD)
260 _aNew York :
_bUnited Nations,
_c2014
300 _aix, 68 pages : illustration
336 _2rdacontent
_aText |
_btxt
337 _2rdamedia
_aUnmediated |
_bn
338 _2rdacarrier
_aVolume
_bnc
650 _aMERCHANT MARINE--SECURITY MEASURES
650 _aMARITIME TERRORISM--PREVENTION
650 _aMARITIME LAW
650 _aPIRACY--PREVENTION--INTERNATIONAL COOPERATION
942 _2mc
_c029
999 _c50358
_d50358